| 000 | 01127nam a22002537a 4500 | ||
|---|---|---|---|
| 005 | 20170124103120.0 | ||
| 010 | _aB-150639 | ||
| 020 |
_c150.00 _a8190156233 |
||
| 035 | _aB-150639 | ||
| 037 | _bCen Lib/Ret | ||
| 040 |
_aDPL _bHN |
||
| 082 |
_a509 _bपरम |
||
| 100 |
_aपरमहंस _9500 |
||
| 245 |
_aप्राचीन भारत की वैज्ञानिक उपलब्धियां / _cपरमहंस |
||
| 246 |
_aPrachin bharat ki vaigyanik uplabdhiyan / _bby Paramhans |
||
| 260 |
_a दिल्ली _bविज्ञान लोक _c2006 |
||
| 270 |
_bदिल्ली _a30/35-36, प्रथम तल गली न. 9, विश्वास नगर _e110032 |
||
| 300 |
_a126पृ. _c21सेमी(सजिल्द ) |
||
| 650 |
_aवैज्ञानिकता--प्राचीन भारत _x _z _981809 |
||
| 650 |
_aप्राचीन भारत--वैज्ञानिक _981810 |
||
| 650 |
_aScientific - Ancient India _981811 |
||
| 650 |
_aAncient India - scientist _981812 |
||
| 942 |
_2ddc _cHN _h509 _mपरम |
||
| 999 |
_c118764 _d118764 |
||